000 00348nam a2200145Ia 4500
005 20250323130036.0
008 240331s9999 xx 000 0 und d
082 _bPUN
_a894
100 _aPuniyameen, P.M
245 0 _aIlakkiya virunthu
260 _aColombo
_bP.S. Sundaram & Sons
_c1987
300 _a95 p .,
650 _aShort Story
942 _cL
999 _c3958
_d3958